Stage Wins By Country in the Giro d'Italia - Statistics

General Stats
  • This quiz has been taken 177 times
  • The average score is 26 of 34
Answer Stats
Number Country % Correct
1252 Italy
100%
63 France
99%
109 Spain
99%
161 Belgium
98%
12 United States
98%
36 Germany
97%
28 United Kingdom
97%
28 Netherlands
92%
24 Russia
91%
55 Switzerland
91%
1 Austria
90%
13 Norway
90%
5 Portugal
90%
9 Sweden
90%
5 Slovenia
89%
25 Colombia
88%
31 Australia
86%
5 Poland
86%
7 Ireland
85%
12 Denmark
84%
12 Luxembourg
84%
3 Mexico
74%
8 Czech Republic
68%
10 Ukraine
67%
2 Argentina
62%
1 Ecuador
62%
4 Venezuela
58%
2 Latvia
54%
1 Estonia
53%
3 Lithuania
51%
4 Belarus
49%
1 South Africa
49%
1 Costa Rica
21%
1 Uzbekistan
21%
No matching quizzes found
Score Distribution
Percent of People with Each Score
Percentile by Number Answered
Your Score History
You have not taken this quiz